000 00437nam a22001337a 4500
082 _a823
_bDAH/R
100 _aDAHL,ROALD
245 _aTHE WONDERFUL STORY OF HENRY SUGAR AND SIX MORE
246 _aTHE WONDERFUL STORY OF HENRY SUGAR AND SIX MORE
_bTHE WONDERFUL STORY OF HENRY SUGAR AND SIX MORE
260 _aLONDON
_bPUFFIN BOOKS
_c2001
300 _a212
520 _aFULL OF ROALD DAHL'S USUAL MAGIC, MYSTERY AND SUSPENSE
942 _cBK
999 _c8439
_d8439